Top 10 Billboard Songs of 2010 - Statistics

General Stats
  • This quiz has been taken 29 times
  • The average score is 7 of 10
Answer Stats
Artist Hint Answer % Correct
Kesha T__ ___ Tik Tok
92%
Eminem featuring Rihanna L___ ___ ___ ___ ___ Love the Way You Lie
85%
Katy Perry featuring Snoop Dogg C_________ _____ California Gurls
77%
Taio Cruz D_______ Dynamite
77%
Train H__, ____ _____ Hey, Soul Sister
73%
Lady Gaga B__ _______ Bad Romance
69%
B.o.B featuring Hayley Williams A________ Airplanes
65%
Lady Antebellum N___ ___ ___ Need You Now
42%
Taio Cruz featuring Ludacris B____ ____ _____ Break Your Heart
35%
Usher featuring will.i.am O__ OMG
35%
No matching quizzes found
Score Distribution
Percent of People with Each Score
Percentile by Number Answered
Your Score History
You have not taken this quiz